000 004580000a22001690004500
041 0 _aSPA
082 0 4 _aG 268.3 W1772m
100 1 _aJeter de Walker, Luisa
245 1 0 _aMétodos de enseñanza / Luisa Jeter de Walker
260 _aCuba : Luisa Jeter de Walker (ver L.J. de Walker)
300 _a145 Pag
001 10717
942 _cBK
999 _c40180
_d40180
336 _atexto
_btxt
_2rdacontent
337 _2rdamedia
_asin mediación
_bn
338 _2rdacarrier
_avolumen
_bnc